Statistics for The Ultimate Ferrari Quiz

Click here to take the quiz!

General Stats

  • This quiz has been taken 752 times
    (620 since last reset)
  • The average score is 21 of 46

Answer Stats

FERRARI% Correct
2009-2015458 Italia
83%
2013 (still in production)LaFerrari
83%
2002-04Enzo
80%
1986-89F40
79%
1952-65250
76%
1994-96F50
76%
2009 (still in production)California
74%
2015 (still in production)488 GTB
73%
1991-92512TR
65%
2003-10F430
65%
1984-90Testarossa
64%
1999-04360
63%
2013 (still in production)F12berlinetta
62%
2007-12599 Fiorano
61%
2012 (still in production)FF
58%
1969-74246 Dino
56%
1967-68206 Dino
55%
1996-01550 Maranello
49%
2003-11612 Scaglietti
49%
1993-98F355
48%
1968-73365 GTB Daytona
47%
1975-84308
46%
1989-95348
40%
1976-83512 Berlinetta Boxer
40%
2002-06575M
39%
1948-49166
37%
1964-65275
35%
1992-03456
35%
1963-67330
34%
1985-89328
32%
1984-85288 GTO
31%
1976-84400
31%
1966-75365
30%
1964-65500 Superfast
30%
1980-93Mondial
30%
1956-59410 Superamerica
26%
1980-85208
25%
1953-55375 America/MM
25%
1947125 S
24%
1951-52340 America
24%
1985-89412
22%
1951-52212
17%
1960-63400 Superamerica
17%
1950195
13%
1952225
13%
1947159 S
10%

Score Distribution

Percentile by Number Answered

Percent of People with Each Score

Your Score History

You have not taken this quiz since the last reset